Organizácia Spojených národov ohrozuje suverenitu USA Albrightová a senátor Helms majú ...

Bibliographic Details
Main Author: Ondrejčeková, Júlia (Author)
Format: Article
Language:Slovak
ISSN:1335-4698
Subjects:

MARC

LEADER 00000nab a2200000 a 4500
001 vtls000714179
003 SK-MaSNL
005 20260302194630.0
008 180206c2000 xo 0 slo
015 |a SNBRB2000/02-06242 
035 |a CLN000066346 
040 |a SNKBUCL  |b slo  |c SNKBUCL  |e AACR2 
041 0 |a slo 
044 |a xo  |c SK 
080 |a 327(73)  |2 UDC-MRF-SK2 
080 |a 341.123.043:321.011(73)  |2 UDC-MRF-SK2 
100 1 |a Ondrejčeková, Júlia  |4 aut  |9 675254 
245 1 0 |a Organizácia Spojených národov ohrozuje suverenitu USA  |b Albrightová a senátor Helms majú ...  |c Júlia Ondrejčeková 
610 7 |a OSN.  |b Bezpečnostná rada  |2 snkbucl  |9 120142 
650 0 7 |a suverenita štátna  |z Spojené štáty americké  |x OSN  |x zásahy  |2 snkbucl  |9 915028 
651 7 |a Spojené štáty americké  |x suverenita štátna  |2 snkbucl  |9 915029 
655 7 |a články z novín a časopisov  |2 snkbucl  |9 267496 
773 0 |x 1335-4698  |t Slovenská republika  |g Roč. 8, č. 34 (11.2.2000), s. 6 
850 |a Slovenská národná knižnica v Martine 
852 |a SNK  |b KIS3GCP 
958 |a RBX 
999 |c 1449331  |d 1451261